00545 2200205 4500001002100000005001500021035002000036007000300056008004100059020001800100082001200118084001800130100001400148245004300162250001100205260005300216300002800269650003200297990001000329INLIS00000000000984320220111104516 a0010-0122000044ta220111 g 0 ind  a9789792685183 a342.041 a342.041 SAD m0 aSADJIJONO1 aMemahami Hukum Kepolisian /cSadjijono aCet. 1 aSurabaya :bLaksBang PRESSindo Yogyakarta,c2010 axiv, 286 hlm ;c15,5 cm 4aKepolisian UU dan Peraturan a13063